Moi cabinets : (Record no. 1417)

MARC details
000 -LEADER
fixed length control field 01190cam a2200349 i 4500
001 - CONTROL NUMBER
control field 21794770
003 - CONTROL NUMBER IDENTIFIER
control field OSt
005 - DATE AND TIME OF LATEST TRANSACTION
control field 20230619160823.0
008 - FIXED-LENGTH DATA ELEMENTS--GENERAL INFORMATION
fixed length control field 201109s2020 ke a i f000 0deng
010 ## - LIBRARY OF CONGRESS CONTROL NUMBER
LC control number 2020338588
020 ## - INTERNATIONAL STANDARD BOOK NUMBER
International Standard Book Number 978-9966-1947-4-9
040 ## - CATALOGING SOURCE
Original cataloging agency DLC
Language of cataloging eng
Transcribing agency DLC
Description conventions rda
042 ## - AUTHENTICATION CODE
Authentication code pcc
-- lcode
043 ## - GEOGRAPHIC AREA CODE
Geographic area code f-ke---
050 00 - LIBRARY OF CONGRESS CALL NUMBER
Classification number DT433.584
Item number .M65 2020
082 ## - DEWEY DECIMAL CLASSIFICATION NUMBER
Classification number 920
Item number KEN 2019
245 00 - TITLE STATEMENT
Title Moi cabinets :
Remainder of title the Nyayo era : 24 years /
Statement of responsibility, etc. Kenya Yearbook Editorial Board.
264 #1 - PRODUCTION, PUBLICATION, DISTRIBUTION, MANUFACTURE, AND COPYRIGHT NOTICE
Place of production, publication, distribution, manufacture Nairobi, Kenya :
Name of producer, publisher, distributor, manufacturer Kenya Yearbook Editorial Board,
Date of production, publication, distribution, manufacture, or copyright notice 2019.
300 ## - PHYSICAL DESCRIPTION
Extent 2 volumes :
Other physical details color illustrations ;
Dimensions 24 x 35 cm.
336 ## - CONTENT TYPE
Content type term text
Content type code txt
Source rdacontent
337 ## - MEDIA TYPE
Media type term unmediated
Media type code n
Source rdamedia
338 ## - CARRIER TYPE
Carrier type term volume
Carrier type code nc
Source rdacarrier
490 0# - SERIES STATEMENT
Series statement Kenya Yearbook Editorial Board biography series
500 ## - GENERAL NOTE
General note Includes index.
600 10 - SUBJECT ADDED ENTRY--PERSONAL NAME
Personal name Moi, Daniel Arap,
Dates associated with a name 1924-
650 #0 - SUBJECT ADDED ENTRY--TOPICAL TERM
Topical term or geographic name as entry element Politicians
Geographic subdivision Kenya
Form subdivision Biography.
651 #0 - SUBJECT ADDED ENTRY--GEOGRAPHIC NAME
Geographic name Kenya
General subdivision Politics and government
Chronological subdivision 1978-2002.
710 2# - ADDED ENTRY--CORPORATE NAME
Corporate name or jurisdiction name as entry element Kenya Yearbook Editorial Board,
Relator term issuing body,
-- publisher.
906 ## - LOCAL DATA ELEMENT F, LDF (RLIN)
a 7
b cbc
c origode
d 2
e ncip
f 20
g y-gencatlg
942 ## - ADDED ENTRY ELEMENTS (KOHA)
Source of classification or shelving scheme Dewey Decimal Classification
Koha item type Books
Holdings
Withdrawn status Lost status Source of classification or shelving scheme Damaged status Not for loan Home library Current library Date acquired Total Checkouts Full call number Barcode Date last seen Copy number Price effective from Koha item type
    Dewey Decimal Classification     Bunge Tower Library Bunge Tower Library 10/18/2022   920 KEN 2019 20220128 06/19/2023 Volume I 06/19/2023 Books
    Dewey Decimal Classification     Bunge Tower Library Bunge Tower Library 10/18/2022   920 KEN 2019 20220129 06/19/2023 Volume II 06/19/2023 Books
LIBRARY OPENING HOURS

When the Parliament is sitting: 8.00a.m - 7.00p.m or until the house adjourns
Mondays and Fridays and when the House is on Recess:  8.00a.m - 5.00p.m
Closed on Weekends and Public Holidays

Online Public Access Catalog (OPAC)
Website: http://www.parliament.go.ke
Bunge Library: https://libraryir.parliament.go.ke
Contact: library@parliament.go.ke | Tel no: (254-2)2221291 or 2848000 Ext 5043